TOP 60: Screentime MCU Infinity Saga - Statistiken

Allgemein
  • Dieses Quiz wurde 44 mal gespielt
  • Das Durchschnittsergebnis liegt bei 18 aus 60
Antwortstatistiken
Hint Antwort % Korrekt
ca. 5h 57min Tony Stark / Iron Man
100%
ca. 2h 00min Bruce Banner / Hulk
94%
ca. 4h 04min Steve Rodgers / Captain America
94%
ca. 3h 25min Thor Odinson
94%
ca. 2h 42min Peter Parker / Spider-Man
89%
ca. 1h 50min Natasha Romanoff / Black Widow
86%
ca. 44min Thanos
83%
ca. 1h 14min Loki Laufeyson
80%
ca. 50min Clint Barton / Hawkeye
74%
ca. 1h 51min Scott Lang / Ant-Man
71%
ca. 1h 33min Peter Quill / Star Lord
63%
ca. 1h 04min T'Challa / Black Panther
63%
ca. 34min Groot
60%
ca. 1h 16min Nick Fury
54%
ca. 1h 18min Gamora
51%
ca. 35min Sam Wilson / Falcon
51%
ca. 26min Odin
49%
ca. 23min Vision
46%
ca. 48min James Barnes / Winter Soldier
40%
ca. 17min Ultron
40%
ca. 1h 11min Carol Danvers / Captain Marvel
37%
ca. 51min Hope van Dyne / Wasp
31%
ca. 34min Nebula
31%
ca. 53min Rocket Raccoon
31%
ca. 41min Drax der Zerstörer
29%
ca. 22min Michelle Jones "MJ"
29%
ca. 50min James Rhodes / War Machine
26%
ca. 1h 09min Pepper Potts
23%
ca. 14min Heimdall
20%
ca. 17min Mantis
17%
ca. 17min Ego
14%
ca. 20min Erik Stevens / Killmonger
14%
ca. 15min Johann Schmidt / Red Skull
14%
ca. 15min Agent Maria Hill
11%
ca. 26min Happy Hogan
11%
ca. 16min Prinzessin Shuri
11%
ca. 19min Adrian Toomes / Vulture
9%
ca. 46min Dr. Jane Foster
9%
ca. 20min Ivan Vanko / Whiplash
9%
ca. 20min Quentin Beck / Mysterio
9%
ca. 1h 29min Dr. Stephen Strange
6%
ca. 28min Ned Leeds
6%
ca. 27min Peggy Carter
6%
ca. 16min Scrapper 142 / Valkyrie
6%
ca. 25min Agent Phil Coulson
3%
ca. 20min Die Älteste / The Ancient One
3%
ca. 24min Dr. Erik Selvig
3%
ca. 48min Hank Pym
3%
ca. 17min Okoye
3%
ca. 34min Wanda Maximoff - Scarlett Witch
3%
ca. 17min Darcy Lewis
0%
ca. 27min Dr. Betty Ross
0%
ca. 13min Emil Blonsky / The Abomination
0%
ca. 17min Justin Hammer
0%
ca. 17min Karl Mordo
0%
ca. 16min Nakia
0%
ca. 22 min Obadiah Stane / Iron Monger
0%
ca. 14min Talos
0%
ca. 18min Thaddeus "Thunderbolt" Ross
0%
ca. 22min Yondu Udonta
0%
Keine übereinstimmenden Quizze gefunden
Verteilung der Resultate
Anzahl Personen mit jedem Resultat
Perzentil nach korrekt beantworteten Fragen
Ihre Resultats-Entwicklung
Sie haben dieses Quiz noch nicht gespielt